ბათუმის შოთა რუსთაველის სახელმწიფო უნივერსიტეტის ბიბლიოთეკა

პიგმალიონი ; წმიდა იოანა : (ბიბ.ჩანაწერი № 40726)

000 -ლიდერი
ფიქსირებული სიგრძის საკონტროლო ველი 01432nam a2200265Ia 4500
001 - საკონტროლო ნომერი
საკონტროლო ველი 7364
003 - საკონტროლო ნომრის იდენტიფიკატორი
საკონტროლო ველი GE_BSU
005 - ბოლო ოპერაციის თარიღი და დრო
საკონტროლო ველი 20231124113108.0
008 - ფიქსირებული სიგრძის მონაცემთა ელემენტები - ზოგადი ინფორმაცია
ფიქსირებული სიგრძის საკონტროლო ველი 181216s2011||||ge |||||||||||||| ||geo||
020 ## - წიგნის საერთაშორისო სტანდარტული ნომერი
International Standard Book Number 9789941430138
040 ## - კატალოგიზაციის წყარო
Transcribing agency GE_BSU
041 ## - ენის კოდი
Language code of text/sound track or separate title geo
080 ## - უნივერსალური ათობითი კლასიფიკაციის ინდექსი
Universal Decimal Classification number 821.111-22 შ-83
100 ## - მთავარი ჩანაწერი - პიროვნების სახელი
Personal name შოუ, ბერნარდ
9 (RLIN) 12678
245 ## - ცნობა სათაურის შესახებ
Title პიგმალიონი ; წმიდა იოანა :
Remainder of title პიესები /
Statement of responsibility, etc ბერნარდ შოუ ; ინგლ. თარგმნეს : მოსე ქარჩავამ, იაკობ ტრიპოლსკიმ და გიორგი ჯაბაშვილმა, წინათქმა თამარ კიკნაველიძემ.
264 ## - წარმოების, გამოცემის, დისტრიბუციის და სხვა ცნობები
გამოცემის, წარმოების, დისტრიბუციის... ადგილი თბილისი :
გამოცემის, წარმოების, დისტრიბუციის... სახელწოდება ინტელექტი,
გამოცემის, წარმოების, დისტრიბუციის... თარიღი 2011.
300 ## - ფიზიკური აღწერა
Extent 286 გვ. ;
Dimensions 20 სმ.
490 ## - სერიის ცნობა
Series statement ნობელის პრემიის ლაურეატები
International Standard Serial Number ISSN:1512-4568 (საგამომვ.პრ.ავტ:.კახმეგ კუდავა)
653 ## - INDEX TERM--UNCONTROLLED
Uncontrolled term პიესები
700 ## - ADDED ENTRY--PERSONAL NAME
Personal name ქარჩავა, მოსე
Relator term მთარგმნელი
9 (RLIN) 12679
700 ## - ADDED ENTRY--PERSONAL NAME
Personal name ტრიპოლსკი, იაკობ
Relator term მთარგმნელი
9 (RLIN) 12680
700 ## - ADDED ENTRY--PERSONAL NAME
Personal name ჯაბაშვილი, გიორგი
Relator term მთარგმნელი
9 (RLIN) 12681
942 ## - ADDED ENTRY ELEMENTS (KOHA)
Koha item type წიგნი
Source of classification or shelving scheme
ეგზემპლარები
ჩამოწერის სტატუსი დაკარგული ეგზემპლარის სტატუსი კლასიფიკაციის წყარო ან თაროზე გაწყობის სქემა დაზიანების სტატუსი არ გაიცემა მუდმივი მდებარეობა (დაცვის ადგილი) ამჟამინდელი ადგილსამყოფელი თაროზე განთავსების ადგილი შეძენის თარიღი ღირებულება, შესყიდვის ნორმალური ფასი სრული შენახვის შიფრი შტრიხკოდი ბოლო ოპერაციის თარიღი ეგზემპლარის მიმდევრობითი ნომერი (კეტერი?) ფასის ძალაში შესვლის თარიღი ეგზემპლარის სახეობა საჯარო შენიშვნა
          ბათუმის შოთა რუსთაველის სახელმწიფო უნივერსიტეტის მთავარი ბიბლიოთეკა ბათუმის შოთა რუსთაველის სახელმწიფო უნივერსიტეტის მთავარი ბიბლიოთეკა წიგნსაცავი 2018-12-17 10.00 821.111-22 შ-83 23184 2018-12-17 23184 2018-12-17 წიგნი 10.00 ₾.
          ბათუმის შოთა რუსთაველის სახელმწიფო უნივერსიტეტის მთავარი ბიბლიოთეკა ბათუმის შოთა რუსთაველის სახელმწიფო უნივერსიტეტის მთავარი ბიბლიოთეკა წიგნსაცავი 2018-12-17 10.00 821.111-22 შ-83 23185 2018-12-17 23185 2018-12-17 წიგნი 10.00 ₾.
          ბათუმის შოთა რუსთაველის სახელმწიფო უნივერსიტეტის მთავარი ბიბლიოთეკა ბათუმის შოთა რუსთაველის სახელმწიფო უნივერსიტეტის მთავარი ბიბლიოთეკა წიგნსაცავი 2018-12-17 10.00 821.111-22 შ-83 23186 2018-12-17 23186 2018-12-17 წიგნი 10.00 ₾.